[Event "Gibraltar Challengers B"]
[Site "Gibraltar"]
[Date "2020.01.26"]
[Round "2.38"]
[White "Kunnavakkam, Sudarshanagopal Vin"]
[Black "Mao, Yingzhou"]
[Result "0-1"]
[WhiteElo "1786"]
[BlackElo "1948"]
[PlyCount "80"]
[EventDate "2020.01.25"]
[EventType "swiss"]
[EventRounds "5"]
[EventCountry "GGB"]
[SourceTitle "BritBase"]
[Source "John Saunders"]
[SourceDate "2021.06.05"]
[SourceVersion "1"]
[SourceVersionDate "2021.06.05"]
[SourceQuality "1"]

1. e4 c5 2. d4 cxd4 3. c3 dxc3 4. Nxc3 Nc6 5. Bc4 e6 6. Nf3 a6 7. Qe2 b5 8. Bb3
Na5 9. Bc2 Bb7 10. O-O Nf6 11. e5 Nd5 12. Ne4 h6 13. a3 Be7 14. Qd3 Qc7 15. b3
Rc8 16. Bb1 b4 17. Bd2 bxa3 18. Nd6+ Bxd6 19. exd6 Qb6 20. Rxa3 Nc6 21. Re1
Ncb4 22. Qe4 Qxd6 23. Ra4 Nc6 24. Qg4 g5 25. Qh3 Ke7 26. Nd4 Nxd4 27. Rxd4 Qb6
28. Qd3 Qb5 29. Qg3 Bc6 30. h4 Rcg8 31. hxg5 hxg5 32. Bd3 Qb6 33. Bb4+ Kd8 34.
Qd6 Qc7 35. Bxa6 Nxb4 36. Qxb4 Rh2 37. Rg4 Rgh8 38. Kf1 Rh1+ 39. Ke2 Qe5+ 40.
Kd1 Qa1+ 0-1

[Event "Gibraltar Challengers B"]
[Site "Gibraltar"]
[Date "2020.01.26"]
[Round "2.39"]
[White "Maldonado Mena, German"]
[Black "Lee, Alexandre Km"]
[Result "1-0"]
[WhiteElo "1946"]
[BlackElo "1557"]
[PlyCount "109"]
[EventDate "2020.01.25"]
[EventType "swiss"]
[EventRounds "5"]
[EventCountry "GGB"]
[SourceTitle "BritBase"]
[Source "John Saunders"]
[SourceDate "2021.06.05"]
[SourceVersion "1"]
[SourceVersionDate "2021.06.05"]
[SourceQuality "1"]

1. d4 Nf6 2. c4 g6 3. Nc3 Bg7 4. e4 d6 5. h3 O-O 6. Be3 e5 7. d5 Qe8 8. g4 a5
9. Qd2 Na6 10. Nge2 Nd7 11. Ng3 Ndc5 12. Be2 Nb4 13. h4 b6 14. h5 Bd7 15. Rb1
Nba6 16. Bh6 Bxh6 17. Qxh6 Qe7 18. Kd2 g5 19. Nd1 f6 20. Ne3 Qg7 21. Nef5 Qxh6
22. Nxh6+ Kh8 23. f3 Rfb8 24. b3 b5 25. cxb5 Bxb5 26. Bxb5 Rxb5 27. Ngf5 Rab8
28. Rbc1 a4 29. bxa4 Nxa4 30. Rc2 N6c5 31. Ne7 Rb2 32. Rhc1 R2b5 33. Nhf5 Nb6
34. h6 Nbd7 35. Nc6 Ra8 36. Nfe7 Rb6 37. Ke3 Nf8 38. Rc3 Ng6 39. a3 Nxe7 40.
Nxe7 Re8 41. Nf5 Kg8 42. Rxc5 dxc5 43. Rxc5 Rb3+ 44. Kf2 Rb7 45. d6 cxd6 46.
Nxd6 Rb2+ 47. Kg3 Ra8 48. Rc7 Rd8 49. Rg7+ Kf8 50. Nc4 Rc2 51. Rxh7 Kg8 52.
Rg7+ Kf8 53. Ne3 Re2 54. Nd5 Rd6 55. Rc7 1-0

[Event "Gibraltar Challengers B"]
[Site "Gibraltar"]
[Date "2020.01.26"]
[Round "2.40"]
[White "Lafour, Jephte"]
[Black "Garcia Rodriguez, Inaki"]
[Result "0-1"]
[WhiteElo "1690"]
[BlackElo "1944"]
[PlyCount "108"]
[EventDate "2020.01.25"]
[EventType "swiss"]
[EventRounds "5"]
[EventCountry "GGB"]
[SourceTitle "BritBase"]
[Source "John Saunders"]
[SourceDate "2021.06.05"]
[SourceVersion "1"]
[SourceVersionDate "2021.06.05"]
[SourceQuality "1"]

1. e4 e5 2. Nf3 Nf6 3. d3 Nc6 4. g3 d5 5. Nbd2 dxe4 6. dxe4 Bg4 7. Bg2 Qd7 8.
O-O O-O-O 9. c3 Nxe4 10. Qa4 Nc5 11. Qb5 a6 12. Qe2 f5 13. Qe3 e4 14. Ne1 Nd3
15. Nxd3 Qxd3 16. Qxd3 Rxd3 17. f3 e3 18. Nb3 e2 19. Re1 Bxf3 20. Bxf3 Rxf3 21.
Rxe2 Bd6 22. Kg2 Rd3 23. Bd2 Rd8 24. Rae1 h6 25. Be3 g5 26. Nc1 Rd5 27. c4 Ra5
28. a3 f4 29. Bd2 Rf5 30. g4 Rf7 31. Re8 Rxe8 32. Rxe8+ Kd7 33. Re4 f3+ 34. Kf2
Bxh2 35. Nd3 Bd6 36. b4 b5 37. c5 Bf8 38. Ne1 Bg7 39. Nd3 Bd4+ 40. Kf1 Re7 41.
Rxe7+ Kxe7 42. Be1 Ke6 43. Bf2 Kd5 44. Ne1 Ke4 45. Bg3 Be5 46. Bf2 Bf4 47. Nc2
Ne5 48. Nd4 Nxg4 49. Ne6 Be3 50. Bg3 f2 51. Nxc7 Kf3 52. Nd5 Kxg3 53. c6 Kf3
54. c7 Nh2# 0-1

[Event "Gibraltar Challengers B"]
[Site "Gibraltar"]
[Date "2020.01.27"]
[Round "3.1"]
[White "Oragwu, Chukwunonso"]
[Black "Mihajlov, Svetoslav"]
[Result "1-0"]
[WhiteElo "2220"]
[BlackElo "2173"]
[PlyCount "107"]
[EventDate "2020.01.25"]
[EventType "swiss"]
[EventRounds "5"]
[EventCountry "GGB"]
[SourceTitle "BritBase"]
[Source "John Saunders"]
[SourceDate "2021.06.05"]
[SourceVersion "1"]
[SourceVersionDate "2021.06.05"]
[SourceQuality "1"]

1. e4 c5 2. Nf3 Nc6 3. Bb5 g6 4. c3 Bg7 5. O-O Nf6 6. Re1 O-O 7. h3 a6 8. Bf1
d5 9. e5 Ne8 10. d4 cxd4 11. cxd4 Nc7 12. Nc3 b5 13. a4 b4 14. Ne2 Ne6 15. Nf4
Nxf4 16. Bxf4 Qb6 17. Be3 Rd8 18. Nd2 Na5 19. Rc1 b3 20. Rc3 Bd7 21. Qa1 Rdc8
22. Rec1 Rxc3 23. Rxc3 e6 24. Nf3 Bf8 25. Qc1 Nc6 26. Qd1 Rb8 27. Bd3 Nb4 28.
Ng5 Nxd3 29. Qf3 Be8 30. Rxd3 h6 31. Qg4 hxg5 32. Bxg5 Rc8 33. Rf3 Qb4 34. Bf6
Be7 35. Qg5 Bxf6 36. exf6 Bxa4 37. Rf4 Kf8 38. Rh4 Ke8 39. Rh8+ Kd7 40. Rh7
Qe1+ 41. Kh2 Rf8 42. Qh6 Qb4 43. Qxg6 Qd6+ 44. g3 Ke8 45. Qg7 Bb5 46. h4 Bd3
47. Rh5 a5 48. Re5 a4 49. Qg5 Kd7 50. Qd2 Bc2 51. Qa5 Rc8 52. Qxa4+ Qc6 53. Qa3
Bg6 54. Qe7# 1-0

[Event "Gibraltar Challengers B"]
[Site "Gibraltar"]
[Date "2020.01.27"]
[Round "3.2"]
[White "Enkhtuul, Altan-Ulzii"]
[Black "Hristodorescu, Daniel"]
[Result "0-1"]
[WhiteElo "2200"]
[BlackElo "2172"]
[PlyCount "112"]
[EventDate "2020.01.25"]
[EventType "swiss"]
[EventRounds "5"]
[EventCountry "GGB"]
[SourceTitle "BritBase"]
[Source "John Saunders"]
[SourceDate "2021.06.05"]
[SourceVersion "1"]
[SourceVersionDate "2021.06.05"]
[SourceQuality "1"]

1. Nf3 Nf6 2. c4 g6 3. b4 Bg7 4. Bb2 O-O 5. e3 b6 6. Be2 c5 7. bxc5 bxc5 8. O-O
Nc6 9. d3 Rb8 10. Bc3 Qc7 11. Na3 d6 12. Nd2 Bd7 13. Nb3 Nb4 14. Bf3 Ba4 15.
Qd2 Nxa2 16. Ba5 Qc8 17. Nxc5 Qxc5 18. Rxa2 h5 19. d4 Qf5 20. Bc7 Rbc8 21. Qb4
Qd7 22. Nb1 Bc6 23. d5 Bxd5 24. cxd5 Rxc7 25. Nd2 Ng4 26. Nc4 Rfc8 27. Be2 Qf5
28. f3 Ne5 29. e4 Qf4 30. g3 Qh6 31. Nxe5 Qe3+ 32. Kh1 Bxe5 33. Qd2 Qxd2 34.
Rxd2 Rc2 35. Rfd1 g5 36. Ba6 R8c3 37. Kg2 Kf8 38. Bd3 Rxd2+ 39. Rxd2 a5 40. Bb5
Rb3 41. Bd7 Ra3 42. Rc2 a4 43. Rc8+ Kg7 44. Rc2 Ra1 45. Bb5 a3 46. Bc4 Bd4 47.
Kh3 Rg1 48. Ba2 Kg6 49. Rc8 Bc5 50. Bc4 Rc1 51. Ba2 Rc2 52. Bb1 Rb2 53. Bd3 a2
54. e5+ Kg7 55. Ra8 Bg1 56. g4 Rxh2+ 0-1

[Event "Gibraltar Challengers B"]
[Site "Gibraltar"]
[Date "2020.01.27"]
[Round "3.3"]
[White "Sanchez Jerez, Emilio Miguel"]
[Black "Yanev, Pavel"]
[Result "0-1"]
[WhiteElo "2168"]
[BlackElo "2200"]
[PlyCount "182"]
[EventDate "2020.01.25"]
[EventType "swiss"]
[EventRounds "5"]
[EventCountry "GGB"]
[SourceTitle "BritBase"]
[Source "John Saunders"]
[SourceDate "2021.06.05"]
[SourceVersion "1"]
[SourceVersionDate "2021.06.05"]
[SourceQuality "1"]

1. e4 c5 2. Nc3 Nc6 3. Nge2 Nf6 4. d4 cxd4 5. Nxd4 e5 6. Ndb5 h6 7. Nd6+ Bxd6
8. Qxd6 Qe7 9. Qxe7+ Kxe7 10. Be3 d6 11. f3 Be6 12. O-O-O Rhd8 13. g4 d5 14.
Bc5+ Ke8 15. Nb5 Rac8 16. exd5 Rxd5 17. Rxd5 Bxd5 18. Nd6+ Kd7 19. Bd3 b6 20.
Bf5+ Kc7 21. Nb5+ Kb7 22. Bxc8+ Kxc8 23. Bf8 Bxf3 24. Re1 Ne8 25. h3 h5 26.
gxh5 Bxh5 27. Nxa7+ Nxa7 28. Rxe5 f5 29. Rxf5 g6 30. Rf7 Nc6 31. a4 Nd8 32. Ra7
Nc7 33. a5 b5 34. Bd6 Nde6 35. a6 Bf3 36. b4 Kb8 37. Rxc7 Nxc7 38. Kd2 Kc8 39.
a7 Ne6 40. Ke3 Bg2 41. h4 Kb7 42. Bb8 Bd5 43. c3 Bb3 44. Ke4 Nd8 45. Ke5 Nc6+
46. Kf6 Bc2 47. Bd6 Nxa7 48. Kg5 Kc6 49. Bc5 Nc8 50. h5 gxh5 51. Kxh5 Nd6 52.
Kg4 Ne4 53. Bd4 Kd5 54. Kf4 Kc4 55. Ke3 Nxc3 56. Bg7 Bh7 57. Kd2 Nd5 58. Kc1
Kb3 59. Bf8 Nxb4 60. Kd2 Na2 61. Be7 b4 62. Bxb4 Kxb4 63. Ke3 Kc5 64. Kf4 Kd5
65. Ke3 Nb4 66. Kf4 Be4 67. Ke3 Ke5 68. Kd2 Kd4 69. Ke2 Nd3 70. Kd2 Nf4 71. Kc1
Kc3 72. Kd1 Bc2+ 73. Ke1 Kd3 74. Kf2 Ke4 75. Kg3 Bd1 76. Kf2 Bf3 77. Kg3 Nd3
78. Kh4 Kf4 79. Kh3 Kg5 80. Kg3 Be4 81. Kh3 Kf4 82. Kh4 Bf3 83. Kh3 Kg5 84. Kg3
Bg4 85. Kg2 Kf4 86. Kh2 Kf3 87. Kg1 Kg3 88. Kf1 Bd1 89. Kg1 Be2 90. Kh1 Nf2+
91. Kg1 Nh3+ 0-1

[Event "Gibraltar Challengers B"]
[Site "Gibraltar"]
[Date "2020.01.27"]
[Round "3.4"]
[White "Levay, Sorin"]
[Black "Nebel, Jens"]
[Result "0-1"]
[WhiteElo "2192"]
[BlackElo "2168"]
[PlyCount "96"]
[EventDate "2020.01.25"]
[EventType "swiss"]
[EventRounds "5"]
[EventCountry "GGB"]
[SourceTitle "BritBase"]
[Source "John Saunders"]
[SourceDate "2021.06.05"]
[SourceVersion "1"]
[SourceVersionDate "2021.06.05"]
[SourceQuality "1"]

1. e4 c5 2. g3 d6 3. Bg2 Nf6 4. c3 Nc6 5. d3 e5 6. a3 Be7 7. Ne2 O-O 8. O-O d5
9. exd5 Nxd5 10. b4 cxb4 11. axb4 Nc7 12. Be3 Nb5 13. Na3 Nxa3 14. Rxa3 Bf5 15.
d4 exd4 16. Nxd4 Nxd4 17. Bxd4 a5 18. Bxb7 Rb8 19. Rxa5 Bh3 20. Bg2 Bxg2 21.
Kxg2 Bxb4 22. Rh5 Be7 23. Qf3 Qd7 24. Re1 f5 25. Qe2 Qd5+ 26. f3 Rbe8 27. Qe6+
Qxe6 28. Rxe6 g6 29. Rh3 Bg5 30. Rxe8 Rxe8 31. f4 Bd8 32. g4 fxg4 33. Rd3 Bc7
34. Kg3 Re4 35. Be5 Bxe5 36. fxe5 h5 37. Rd5 Kf7 38. Kh4 Re2 39. Kg5 Rxh2 40.
Rd6 g3 41. Rf6+ Ke7 42. Rxg6 h4 43. Kf4 g2 44. Kf5 h3 45. Rg7+ Kf8 46. Kf6 Rh1
47. Rf7+ Kg8 48. Rg7+ Kh8 0-1

[Event "Gibraltar Challengers B"]
[Site "Gibraltar"]
[Date "2020.01.27"]
[Round "3.5"]
[White "Longa Yauca, Javier"]
[Black "Prieto Martin, Alfonso"]
[Result "1-0"]
[WhiteElo "2154"]
[BlackElo "2181"]
[PlyCount "89"]
[EventDate "2020.01.25"]
[EventType "swiss"]
[EventRounds "5"]
[EventCountry "GGB"]
[SourceTitle "BritBase"]
[Source "John Saunders"]
[SourceDate "2021.06.05"]
[SourceVersion "1"]
[SourceVersionDate "2021.06.05"]
[SourceQuality "1"]

1. Nf3 Nf6 2. g3 e6 3. Bg2 d5 4. c4 d4 5. d3 Nc6 6. O-O Be7 7. Bg5 O-O 8. e4 e5
9. Ne1 Nd7 10. Bxe7 Qxe7 11. f4 a5 12. Nd2 Nc5 13. f5 Qg5 14. Rf2 Bd7 15. Bf1
Rfe8 16. Ndf3 Qe7 17. Qd2 f6 18. Nh4 Qf7 19. Be2 Ne7 20. Neg2 Ra6 21. Raf1 g5
22. Nf3 h6 23. h4 Rf8 24. Nh2 Qg7 25. Ng4 Be8 26. hxg5 hxg5 27. Ne1 Nc6 28. Rh2
Kf7 29. Rh6 Ke7 30. Rf2 Nd7 31. Rfh2 Rf7 32. Nf3 Nf8 33. Bd1 Kd8 34. Ba4 Ne7
35. Bb5 Rb6 36. a4 Ng8 37. Rh8 Bxb5 38. axb5 a4 39. Qa5 Rd6 40. c5 Rdd7 41.
Qa8+ Ke7 42. Qxb7 Kd8 43. c6 Rd6 44. Qb8+ Ke7 45. Qxc7+ 1-0

[Event "Gibraltar Challengers B"]
[Site "Gibraltar"]
[Date "2020.01.27"]
[Round "3.6"]
[White "Galvan, Jesus"]
[Black "Royset, Pal"]
[Result "0-1"]
[WhiteElo "2180"]
[BlackElo "2151"]
[PlyCount "200"]
[EventDate "2020.01.25"]
[EventType "swiss"]
[EventRounds "5"]
[EventCountry "GGB"]
[SourceTitle "BritBase"]
[Source "John Saunders"]
[SourceDate "2021.06.05"]
[SourceVersion "1"]
[SourceVersionDate "2021.06.05"]
[SourceQuality "1"]

1. c4 e5 2. Nc3 Nc6 3. Nf3 g6 4. d4 exd4 5. Nd5 Bg7 6. Bg5 Nce7 7. Nxd4 c6 8.
Nc3 Qb6 9. Nb3 d5 10. cxd5 Nxd5 11. Nxd5 cxd5 12. Be3 Qb4+ 13. Bd2 Qd6 14. Bc3
Nf6 15. Qd4 O-O 16. Bb4 Qd8 17. Bxf8 Qxf8 18. Qc5 Qd8 19. e3 Ne4 20. Qc2 a5 21.
Bd3 a4 22. Nd4 Qa5+ 23. Ke2 Nc5 24. b4 Qxb4 25. Rab1 Qa3 26. Rhc1 Bxd4 27. exd4
Bg4+ 28. f3 Nxd3 29. Qxd3 Re8+ 30. Kd2 Qxa2+ 31. Qc2 Qxc2+ 32. Rxc2 Bf5 33.
Rcb2 Bxb1 34. Rxb1 Rb8 35. Rb5 Kf8 36. Kc3 Ke7 37. Kb4 Kd6 38. Rb6+ Kc7 39. Rf6
b5 40. Kc5 Rb7 41. Rxf7+ Kb8 42. Rf8+ Ka7 43. Kb4 Rc7 44. Re8 Kb6 45. Rb8+ Ka6
46. Ra8+ Kb7 47. Rd8 Kc6 48. f4 Ra7 49. Rc8+ Kd6 50. Kxb5 a3 51. Rc6+ Kd7 52.
Rc1 h5 53. Kb4 a2 54. Ra1 Ke6 55. g3 Kf5 56. Kc5 Ke4 57. Re1+ Kf3 58. Ra1 Kg2
59. Kxd5 Kxh2 60. f5 gxf5 61. Ke6 Kxg3 62. Kxf5 h4 63. d5 h3 64. d6 h2 65. Ke6
Kg2 66. d7 h1=Q 67. Rxh1 Kxh1 68. d8=Q a1=Q 69. Qh4+ Kg2 70. Qg4+ Kf2 71. Qf4+
Ke2 72. Qe4+ Kd2 73. Qd5+ Kc2 74. Qe4+ Kb3 75. Qd5+ Kb4 76. Qd6+ Kb5 77. Qd3+
Kb6 78. Qb3+ Kc5 79. Qc2+ Kd4 80. Qd2+ Kc4 81. Qd5+ Kc3 82. Qf3+ Kb2 83. Qe2+
Kb3 84. Qb5+ Ka2 85. Qc4+ Kb2 86. Qe2+ Kb1 87. Qd1+ Kb2 88. Qd2+ Kb3 89. Qd5+
Kc2 90. Qe4+ Kd2 91. Qf4+ Kd3 92. Qf3+ Kd4 93. Qf2+ Ke4 94. Qe2+ Kf4 95. Qf2+
Kg5 96. Qg3+ Kh6 97. Qf4+ Kh7 98. Qf5+ Kg8 99. Qg5+ Qg7 100. Qd8+ Kh7 0-1

[Event "Gibraltar Challengers B"]
[Site "Gibraltar"]
[Date "2020.01.27"]
[Round "3.7"]
[White "Ask, Josef"]
[Black "Ruperez, Miguel"]
[Result "0-1"]
[WhiteElo "2174"]
[BlackElo "2126"]
[PlyCount "76"]
[EventDate "2020.01.25"]
[EventType "swiss"]
[EventRounds "5"]
[EventCountry "GGB"]
[SourceTitle "BritBase"]
[Source "John Saunders"]
[SourceDate "2021.06.05"]
[SourceVersion "1"]
[SourceVersionDate "2021.06.05"]
[SourceQuality "1"]

1. e4 c5 2. Nf3 e6 3. d3 Nc6 4. g3 Nf6 5. Bg2 d5 6. Nbd2 g6 7. O-O Bg7 8. c3
O-O 9. a3 b6 10. Qa4 Bd7 11. Qc2 Rc8 12. Re1 Qc7 13. Nf1 c4 14. dxc4 dxe4 15.
N3d2 Na5 16. Ne3 b5 17. cxb5 Bxb5 18. Nxe4 Nd7 19. Rd1 Nb6 20. a4 Bc6 21. Nd6
Bxg2 22. Nxg2 Rb8 23. Bf4 e5 24. Be3 Rfd8 25. Nb5 Rxd1+ 26. Qxd1 Qb7 27. b4
Nac4 28. a5 Nd5 29. Bxa7 Rd8 30. Qa4 Nd2 31. Ne1 Qd7 32. Bc5 Qh3 33. Ng2 Nf3+
34. Kf1 Nxh2+ 35. Ke2 Qxg2 36. Rd1 Qe4+ 37. Be3 Qc4+ 38. Kd2 Nxc3+ 0-1

[Event "Gibraltar Challengers B"]
[Site "Gibraltar"]
[Date "2020.01.27"]
[Round "3.8"]
[White "Voiteanu, Gabriel"]
[Black "Zulkipli, Zaidan"]
[Result "0-1"]
[WhiteElo "2133"]
[BlackElo "2174"]
[PlyCount "156"]
[EventDate "2020.01.25"]
[EventType "swiss"]
[EventRounds "5"]
[EventCountry "GGB"]
[SourceTitle "BritBase"]
[Source "John Saunders"]
[SourceDate "2021.06.05"]
[SourceVersion "1"]
[SourceVersionDate "2021.06.05"]
[SourceQuality "1"]

1. d4 Nf6 2. c4 e6 3. g3 d5 4. Nf3 Bb4+ 5. Bd2 Be7 6. Bg2 c6 7. O-O O-O 8. Qc2
b6 9. b3 a5 10. Bf4 Na6 11. a3 Bb7 12. Nc3 Rc8 13. e4 c5 14. exd5 cxd4 15. Nxd4
exd5 16. Nf5 Re8 17. Rfd1 Bf8 18. Ne3 Nc7 19. Bxc7 Qxc7 20. Nexd5 Nxd5 21. Bxd5
Re5 22. Nb5 Qe7 23. Bxb7 Qxb7 24. Nd6 Bxd6 25. Rxd6 Rce8 26. Qd2 h5 27. Rd8 Qf3
28. Rxe8+ Rxe8 29. Re1 Rxe1+ 30. Qxe1 Qxb3 31. Qe8+ Kh7 32. Qxf7 Qxa3 33. Qxh5+
Kg8 34. Qd5+ Kh7 35. Qf5+ Kh8 36. Qh3+ Kg8 37. Qe6+ Kh7 38. Qxb6 Qb4 39. Qb5
Qe1+ 40. Kg2 Qe4+ 41. Kh3 Qe6+ 42. g4 Qh6+ 43. Kg3 Qd6+ 44. Kg2 Qf4 45. h3 Qe4+
46. Kg3 Qd3+ 47. Kh4 Qd8+ 48. Kg3 Qd3+ 49. Kg2 Qe4+ 50. Kf1 Qh1+ 51. Ke2 Qe4+
52. Kd2 Qd4+ 53. Kc1 Qc3+ 54. Kb1 Qe1+ 55. Ka2 Qxf2+ 56. Ka3 Qe3+ 57. Ka4 Qc3
58. h4 Qa1+ 59. Kb3 Qb1+ 60. Kc3 Qc1+ 61. Kd4 Qg1+ 62. Kd5 Qxg4 63. Qb1+ g6 64.
Qb7+ Kh6 65. Qe7 Qf5+ 66. Kc6 a4 67. c5 Qc8+ 68. Kb5 Qa8 69. Qe3+ Kg7 70. Qd4+
Kf7 71. c6 a3 72. Qd7+ Kf6 73. Qb7 Qe8 74. Qa6 Qe2+ 75. Kb6 Qxa6+ 76. Kxa6 a2
77. c7 a1=Q+ 78. Kb7 Qb2+ 0-1

[Event "Gibraltar Challengers B"]
[Site "Gibraltar"]
[Date "2020.01.27"]
[Round "3.9"]
[White "Dolzhikova, Olga"]
[Black "Meszaros, Andras"]
[Result "1-0"]
[WhiteElo "2123"]
[BlackElo "2244"]
[PlyCount "43"]
[EventDate "2020.01.25"]
[EventType "swiss"]
[EventRounds "5"]
[EventCountry "GGB"]
[SourceTitle "BritBase"]
[Source "John Saunders"]
[SourceDate "2021.06.05"]
[SourceVersion "1"]
[SourceVersionDate "2021.06.05"]
[SourceQuality "1"]

1. e4 d5 2. exd5 Nf6 3. d4 Nxd5 4. c4 Nb6 5. Be3 e5 6. d5 c6 7. Nc3 Bb4 8. Qb3
Bxc3+ 9. Qxc3 O-O 10. d6 f5 11. Qxe5 Re8 12. Qg3 Be6 13. O-O-O Nxc4 14. Bd4 Qd7
15. Nf3 c5 16. Bc3 Nc6 17. Ng5 Nd4 18. Qh4 h6 19. Nxe6 Qxe6 20. Rxd4 cxd4 21.
Qxd4 Ne5 22. f4 1-0

[Event "Gibraltar Challengers B"]
[Site "Gibraltar"]
[Date "2020.01.27"]
[Round "3.10"]
[White "Sousa, Ludy Helsio Paulo"]
[Black "George, Lolomari Erekosima"]
[Result "0-1"]
[WhiteElo "2247"]
[BlackElo "2053"]
[PlyCount "82"]
[EventDate "2020.01.25"]
[EventType "swiss"]
[EventRounds "5"]
[EventCountry "GGB"]
[SourceTitle "BritBase"]
[Source "John Saunders"]
[SourceDate "2021.06.05"]
[SourceVersion "1"]
[SourceVersionDate "2021.06.05"]
[SourceQuality "1"]

1. e4 c6 2. d4 d5 3. e5 Bf5 4. Be3 e6 5. Nd2 Nd7 6. Ngf3 Bg6 7. Be2 Nh6 8. h4
Bh5 9. c3 Nf5 10. Bf4 Be7 11. g3 c5 12. dxc5 Bxc5 13. Nb3 O-O 14. Nxc5 Nxc5 15.
O-O Qb6 16. Qc2 Rfc8 17. Kg2 Bxf3+ 18. Bxf3 d4 19. c4 a5 20. b3 a4 21. Rab1
axb3 22. axb3 Ra3 23. b4 Nd3 24. Bd2 Nxe5 25. Be4 Nxc4 26. Bxf5 exf5 27. Rfe1
h6 28. Kh3 d3 29. Qd1 Qxf2 30. Re7 Nxd2 31. Qh5 Rf8 32. Rc1 Nf3 33. Qxf5 Ng5+
34. Kg4 Qd4+ 35. Qf4 Qxf4+ 36. gxf4 Ne6 37. f5 Nd4 38. Rxb7 d2 39. Rd1 Rd3 40.
Kf4 Re8 41. Ra7 Ne2+ 0-1

[Event "Gibraltar Challengers B"]
[Site "Gibraltar"]
[Date "2020.01.27"]
[Round "3.11"]
[White "Cannon, Richard J"]
[Black "Tejaswini, Sagar"]
[Result "0-1"]
[WhiteElo "1990"]
[BlackElo "2180"]
[PlyCount "90"]
[EventDate "2020.01.25"]
[EventType "swiss"]
[EventRounds "5"]
[EventCountry "GGB"]
[SourceTitle "BritBase"]
[Source "John Saunders"]
[SourceDate "2021.06.05"]
[SourceVersion "1"]
[SourceVersionDate "2021.06.05"]
[SourceQuality "1"]

1. e4 e5 2. Nc3 Nf6 3. f4 d5 4. fxe5 Nxe4 5. Qf3 f5 6. d3 Nxc3 7. bxc3 d4 8.
Qg3 Nc6 9. Be2 Be6 10. c4 Bb4+ 11. Bd2 Bxd2+ 12. Kxd2 Qe7 13. Ke1 O-O 14. Nf3
f4 15. Qf2 Rad8 16. Rb1 b6 17. Bd1 Bg4 18. Nxd4 Qxe5+ 19. Kf1 Nxd4 20. Bxg4 Qe3
21. Bd1 Rde8 22. Bg4 Qxf2+ 23. Kxf2 Nxc2 24. c5 bxc5 25. Rb7 Nb4 26. Be2 Re7
27. d4 Nc6 28. dxc5 Rf5 29. Rc1 g5 30. Bb5 Ne5 31. h3 g4 32. Rxa7 g3+ 33. Kg1
f3 34. gxf3 Nxf3+ 35. Kg2 Ne1+ 36. Kg1 Rf2 37. Bc6 Nd3 38. Ra3 Rd2 39. Rf1 h5
40. h4 g2 41. Rb1 Nf4 42. Rg3+ Rg7 43. Rf3 Ne2+ 44. Kh2 g1=Q+ 45. Rxg1 Nxg1+
0-1

[Event "Gibraltar Challengers B"]
[Site "Gibraltar"]
[Date "2020.01.27"]
[Round "3.12"]
[White "De Abreu, Roberto N"]
[Black "Bujakevich, Aleksandr"]
[Result "1-0"]
[WhiteElo "2154"]
[BlackElo "2014"]
[PlyCount "71"]
[EventDate "2020.01.25"]
[EventType "swiss"]
[EventRounds "5"]
[EventCountry "GGB"]
[SourceTitle "BritBase"]
[Source "John Saunders"]
[SourceDate "2021.06.05"]
[SourceVersion "1"]
[SourceVersionDate "2021.06.05"]
[SourceQuality "1"]

1. d4 d5 2. c4 e6 3. g3 Nf6 4. Bg2 Nbd7 5. Nf3 c6 6. O-O dxc4 7. a4 Bb4 8. Nbd2
c3 9. bxc3 Bxc3 10. Ba3 a5 11. Qb3 Bb4 12. Bxb4 axb4 13. Qxb4 Nd5 14. Qb3 O-O
15. e4 Ne7 16. Nc4 c5 17. Rfd1 cxd4 18. Nxd4 e5 19. Nb5 Nc6 20. Nbd6 Qc7 21.
Qe3 Nd4 22. Rac1 Rxa4 23. Nb2 Qxd6 24. Nxa4 b5 25. Nc3 Ba6 26. Ne2 Nxe2+ 27.
Qxe2 Qe6 28. Qd2 Nb6 29. Rc7 Nc4 30. Qb4 g6 31. Bf1 Rc8 32. Rxc8+ Qxc8 33. Bxc4
Qxc4 34. Rd8+ Kg7 35. Qf8+ Kf6 36. Rd6+ 1-0

[Event "Gibraltar Challengers B"]
[Site "Gibraltar"]
[Date "2020.01.27"]
[Round "3.15"]
[White "Herzwurm, Robert"]
[Black "Godoy Olazabal, Artur"]
[Result "1-0"]
[WhiteElo "1979"]
[BlackElo "2154"]
[PlyCount "79"]
[EventDate "2020.01.25"]
[EventType "swiss"]
[EventRounds "5"]
[EventCountry "GGB"]
[SourceTitle "BritBase"]
[Source "John Saunders"]
[SourceDate "2021.06.05"]
[SourceVersion "1"]
[SourceVersionDate "2021.06.05"]
[SourceQuality "1"]

1. e4 c5 2. Nc3 Nc6 3. f4 e6 4. Nf3 d5 5. Bb5 Nge7 6. exd5 exd5 7. Qe2 Qd6 8.
d4 cxd4 9. Nxd4 Bd7 10. Be3 g6 11. O-O Bg7 12. Bxc6 bxc6 13. Nb3 d4 14. Rad1 c5
15. Ne4 Qb6 16. Bf2 Rc8 17. Rfe1 Be6 18. Ng5 Rc6 19. Nxe6 fxe6 20. Qc4 O-O 21.
Rxe6 Rxe6 22. Re1 Kf7 23. Nxc5 Rc8 24. Qxe6+ Qxe6 25. Nxe6 Rxc2 26. Nxg7 d3 27.
Rd1 Nc6 28. Be3 Kxg7 29. Rxd3 Rxb2 30. Rd7+ Kg8 31. Rc7 Nb4 32. Rxa7 Rxa2 33.
Rxa2 Nxa2 34. Bd2 Kf7 35. Kf2 Ke6 36. g4 h5 37. h3 hxg4 38. hxg4 Kd5 39. Ke3
Kd6 40. Ke4 1-0

[Event "Gibraltar Challengers B"]
[Site "Gibraltar"]
[Date "2020.01.27"]
[Round "3.16"]
[White "Wang, Cong"]
[Black "Severijnen, Arjon"]
[Result "0-1"]
[WhiteElo "1975"]
[BlackElo "2120"]
[PlyCount "98"]
[EventDate "2020.01.25"]
[EventType "swiss"]
[EventRounds "5"]
[EventCountry "GGB"]
[SourceTitle "BritBase"]
[Source "John Saunders"]
[SourceDate "2021.06.05"]
[SourceVersion "1"]
[SourceVersionDate "2021.06.05"]
[SourceQuality "1"]

1. e4 c5 2. c3 Nf6 3. e5 Nd5 4. d4 cxd4 5. Nf3 Nc6 6. cxd4 d6 7. Bc4 Nb6 8. Bb3
d5 9. O-O Bg4 10. Be3 e6 11. h3 Bxf3 12. Qxf3 Be7 13. Qg4 g6 14. Bh6 Qd7 15.
Re1 O-O-O 16. Nc3 Kb8 17. Qf4 g5 18. Bxg5 Bxg5 19. Qxg5 Nxd4 20. Qd2 Nf5 21. a4
Rhg8 22. Qf4 Rc8 23. Red1 Ne7 24. Nb5 Nc6 25. a5 Na8 26. Nd6 f6 27. Nxc8 fxe5
28. Qf6 Qxc8 29. Ba4 Qf8 30. Qxf8+ Rxf8 31. Bxc6 bxc6 32. f3 Kc7 33. Kf2 Kd6
34. Ke3 Rb8 35. Rd2 Nc7 36. g4 Nb5 37. Ra4 Nd4 38. f4 exf4+ 39. Kxf4 e5+ 40.
Kg3 Rb3+ 41. Kg2 c5 42. Ra1 e4 43. Ra3 Rxa3 44. bxa3 Ke5 45. Rf2 Nf3 46. Rxf3
exf3+ 47. Kxf3 c4 48. h4 c3 49. Ke3 d4+ 0-1

[Event "Gibraltar Challengers B"]
[Site "Gibraltar"]
[Date "2020.01.27"]
[Round "3.17"]
[White "Bengherabi, Khalil"]
[Black "Manukonda, Arun"]
[Result "0-1"]
[WhiteElo "2106"]
[BlackElo "1959"]
[PlyCount "140"]
[EventDate "2020.01.25"]
[EventType "swiss"]
[EventRounds "5"]
[EventCountry "GGB"]
[SourceTitle "BritBase"]
[Source "John Saunders"]
[SourceDate "2021.06.05"]
[SourceVersion "1"]
[SourceVersionDate "2021.06.05"]
[SourceQuality "1"]

1. e4 c5 2. Nf3 d6 3. d4 cxd4 4. Nxd4 Nf6 5. Nc3 a6 6. g3 e5 7. Nb3 Be6 8. Bg2
Be7 9. O-O O-O 10. a4 Nbd7 11. Re1 Rc8 12. Nd2 Bg4 13. Bf3 Bh3 14. Nf1 Bxf1 15.
Kxf1 Nc5 16. Nd5 Nxd5 17. Qxd5 Ne6 18. c3 Qc7 19. Kg1 Qc6 20. Bg4 Qxd5 21. exd5
f5 22. Bxf5 Rxf5 23. dxe6 Rf6 24. f4 Rxe6 25. fxe5 dxe5 26. Re4 Bc5+ 27. Kg2
Kf7 28. Bg5 Kg6 29. Bf4 Kf5 30. Rae1 Rce8 31. Bc1 g5 32. g4+ Kg6 33. Rf1 Rf6
34. Rxf6+ Kxf6 35. Kf3 h6 36. Be3 Bd6 37. Ke2 Ke6 38. c4 Rc8 39. Kd3 Bb4 40.
Ke2 Rd8 41. b3 Rd7 42. c5 a5 43. Rc4 Kd5 44. Rc1 Kc6 45. h4 gxh4 46. Bxh6 Rd4
47. Kf3 Kd5 48. g5 e4+ 49. Ke2 Rd2+ 50. Kf1 h3 51. Kg1 Bxc5+ 52. Kh1 Be3 53.
Re1 Bf4 54. Rf1 e3 55. Re1 Ke4 56. Bf8 Bxg5 57. Bc5 Bf4 58. Bb6 Rd5 59. Kg1 Kf3
60. Rf1+ Kg3 61. Re1 h2+ 62. Kh1 Kf2 63. Rc1 Ke2 64. Rc2+ Kd1 65. Rc4 e2 66.
Bf2 Be3 67. Bg3 Bg1 68. Re4 Rd3 69. Bh4 Rxb3 70. Kg2 Rb4 0-1